[Event "Airthings Masters Prelim"]
[Site "chess24.com INT"]
[Date "2020.12.26"]
[Round "2.2"]
[White "Nepomniachtchi, I"]
[Black "Grischuk, A"]
[Result "0-1"]
[WhiteElo "2784"]
[BlackElo "2777"]
[EventDate "2020.12.26"]
[WhiteTitle "GM"]
[BlackTitle "GM"]
[WhiteFideId "4168119"]
[BlackFideId "4126025"]

1.e4 e5 2.Nf3 Nc6 3.Bc4 Bc5 4.c3 Nf6 5.d3 d6 6.O-O O-O 7.Re1 a5 8.h3 Ba7 
9.Na3 h6 10.Nb5 Bb6 11.Be3 Bxe3 12.Rxe3 Re8 13.d4 exd4 14.cxd4 Rxe4 15.
Rxe4 Nxe4 16.Qb3 Qd7 17.Re1 Nf6 18.Qe3 Qd8 19.a3 Bd7 20.d5 Ne5 21.Nxe5 
dxe5 22.Nc3 Qf8 23.Qg3 Qc5 24.Bd3 Qb6 25.Rxe5 Qxb2 26.Ne4 Nxe4 27.Bxe4 
Qc1+ 28.Kh2 Qc5 29.d6 Qxd6 30.Bxb7 Rb8 31.Bf3 Rb5 32.Re3 Kf8 33.Rc3 Rc5 
34.Rxc5 Qxc5 35.Qh4 Qxa3 36.Qd8+ Be8 37.Qxc7 a4 38.Bd5 Qe7 39.Qb8 Qc5 40.
Qd8 g5 41.f4 gxf4 42.Bf3 Qe5 43.Qc8 Kg7 44.Qg4+ Qg5 45.Qc8 Qe5 46.Qg4+ Kf6
47.Qc8 Ke7 48.Qa6 Qd6 49.Qe2+ Kf8 50.Qb2 a3 51.Qc3 Bd7 52.h4 Ke7 53.Qa5 
Be6 54.Qa7+ Kf8 55.Qa8+ Kg7 56.Qa5 a2 57.Qc3+ f6 58.Qa5 Qe5 59.Qa7+ Bf7 
0-1

[Event "Airthings Masters Prelim"]
[Site "chess24.com INT"]
[Date "2020.12.28"]
[Round "10.4"]
[White "Anton Guijarro, D"]
[Black "Nepomniachtchi, I"]
[Result "1/2-1/2"]
[WhiteElo "2675"]
[BlackElo "2784"]
[EventDate "2020.12.26"]
[WhiteTitle "GM"]
[BlackTitle "GM"]
[WhiteFideId "2285525"]
[BlackFideId "4168119"]

1.e4 c5 2.Nf3 d6 3.d4 cxd4 4.Qxd4 Nf6 5.Bg5 Nc6 6.Bb5 Bd7 7.Qd3 Nb4 8.
Bxd7+ Qxd7 9.Qb3 Nc6 10.Bxf6 gxf6 11.Nc3 Rc8 12.Nd5 Bg7 13.O-O O-O 14.Ne3 
e6 15.Rad1 Rfd8 16.c3 Ne7 17.Rd2 Qc6 18.Qc2 Bh6 19.Nd4 Qc5 20.Qd1 d5 21.
Qg4+ Ng6 22.exd5 Bxe3 23.fxe3 f5 24.Qf3 Qxd5 25.Rfd1 Qxf3 26.Nxf3 Rxd2 27.
Rxd2 Rc7 28.Kf2 Kg7 29.Rd4 Kf6 30.g4 fxg4 31.Rxg4 Ke7 32.Ke2 f5 33.Ra4 a6 
34.Rb4 Nf8 35.a4 Kf6 36.Rh4 Ng6 37.Rb4 Nf8 38.Rh4 Ng6 39.Rb4 Nf8 1/2-1/2

[Event "Airthings Masters Prelim"]
[Site "chess24.com INT"]
[Date "2020.12.27"]
[Round "5.4"]
[White "Grischuk, A"]
[Black "Radjabov, T"]
[Result "1/2-1/2"]
[WhiteElo "2777"]
[BlackElo "2765"]
[EventDate "2020.12.26"]
[WhiteTitle "GM"]
[BlackTitle "GM"]
[WhiteFideId "4126025"]
[BlackFideId "13400924"]

1.d4 Nf6 2.c4 e6 3.Nf3 d5 4.Nc3 Be7 5.Bf4 O-O 6.a3 b6 7.Qc2 Bb7 8.Rd1 Nbd7
9.cxd5 exd5 10.e3 c5 11.Bd3 a6 12.a4 Re8 13.O-O g6 14.Ne5 Rc8 15.Qe2 c4 
16.Bb1 Nh5 17.Bh6 Nxe5 18.dxe5 Bc5 19.f4 d4 20.exd4 Bxd4+ 21.Kh1 Qh4 22.
Qe1 Qxe1 23.Rfxe1 Rcd8 24.Bg5 f6 25.exf6 Nxf6 26.Rxe8+ Rxe8 27.h3 Bxc3 28.
bxc3 Ne4 29.Bxe4 Bxe4 30.Rd6 b5 31.axb5 axb5 32.Rb6 Ra8 33.Re6 Bd5 34.Rd6 
Be4 35.Rd8+ Rxd8 36.Bxd8 h5 37.Ba5 Kf7 38.Kg1 Ke6 39.Kf2 Kf5 40.g3 Bc6 41.
Ke3 Bg2 42.h4 Ke6 43.Bb4 Kf5 44.Ba5 Ke6 45.Bb4 Kf5 46.Ba5 1/2-1/2

[Event "Airthings Masters Prelim"]
[Site "chess24.com INT"]
[Date "2020.12.27"]
[Round "7.2"]
[White "Giri, A"]
[Black "Anton Guijarro, D"]
[Result "1/2-1/2"]
[WhiteElo "2764"]
[BlackElo "2675"]
[EventDate "2020.12.26"]
[WhiteTitle "GM"]
[BlackTitle "GM"]
[WhiteFideId "24116068"]
[BlackFideId "2285525"]

1.d4 Nf6 2.c4 e6 3.Nf3 d5 4.g3 dxc4 5.Bg2 c6 6.a4 Bb4+ 7.Bd2 a5 8.Qc2 O-O 
9.Bxb4 axb4 10.Qxc4 Qa5 11.Qc2 b5 12.b3 Bb7 13.O-O Nbd7 14.Nbd2 Qb6 15.
Rfc1 Rfc8 16.Qb2 c5 17.axb5 Rxa1 18.Rxa1 Qxb5 19.Nc4 Ra8 20.dxc5 Qxc5 21.
Nfe5 Nxe5 22.Rxa8+ Bxa8 23.Qxe5 Qxe5 24.Nxe5 Be4 25.Bxe4 Nxe4 26.Nd3 Nd2 
27.Nc1 Ne4 28.Kf1 Kf8 29.Ke1 Nc5 30.Kd2 Ke7 31.Kc2 Kd6 32.Nd3 Nxd3 33.Kxd3
Kd5 34.e4+ Kc5 35.e5 Kd5 36.f4 h5 37.h3 f5 38.exf6 gxf6 39.g4 hxg4 40.hxg4
e5 41.g5 exf4 42.gxf6 Ke6 43.Ke4 Kxf6 44.Kxf4 Ke6 45.Ke4 Kd6 46.Kd4 Kc6 
47.Kc4 Kb7 48.Kxb4 Kb6 49.Kc4 Kc6 50.b4 Kb6 51.b5 Kb7 52.Kc5 Kc7 53.b6+ 
Kb7 54.Kb5 Kb8 55.Kc5 Kb7 56.Kb5 Kb8 57.Kc5 Kb7 1/2-1/2

[Event "Airthings Masters Prelim"]
[Site "chess24.com INT"]
[Date "2020.12.26"]
[Round "3.5"]
[White "Grischuk, A"]
[Black "Aronian, L"]
[Result "1/2-1/2"]
[WhiteElo "2777"]
[BlackElo "2781"]
[EventDate "2020.12.26"]
[WhiteTitle "GM"]
[BlackTitle "GM"]
[WhiteFideId "4126025"]
[BlackFideId "13300474"]

1.e4 e5 2.Nf3 Nc6 3.Bc4 Bc5 4.c3 Nf6 5.d3 d6 6.O-O O-O 7.Re1 a5 8.Bb3 Kh8 
9.h3 h6 10.Nbd2 g5 11.Nf1 g4 12.hxg4 Nxg4 13.Be3 Nxe3 14.Nxe3 Qf6 15.Nh2 
Qg6 16.Nf3 Qf6 17.Nh2 Qg6 18.Nf3 Qf6 1/2-1/2

[Event "Airthings Masters Prelim"]
[Site "chess24.com INT"]
[Date "2020.12.26"]
[Round "1.3"]
[White "Anton Guijarro, D"]
[Black "So, W"]
[Result "1/2-1/2"]
[WhiteElo "2675"]
[BlackElo "2770"]
[EventDate "2020.12.26"]
[WhiteTitle "GM"]
[BlackTitle "GM"]
[WhiteFideId "2285525"]
[BlackFideId "5202213"]

1.e4 e5 2.Nf3 Nc6 3.Bb5 Nf6 4.O-O Nxe4 5.d4 Nd6 6.Bxc6 dxc6 7.dxe5 Nf5 8.
Qxd8+ Kxd8 9.h3 Ne7 10.Rd1+ Ke8 11.Nc3 Ng6 12.Be3 Be7 13.Rd2 h5 14.Re1 h4 
15.Ne4 Rh5 16.Bg5 Be6 17.Bxe7 Kxe7 18.Neg5 Bd5 19.e6 f6 20.c4 Bxc4 21.Rd7+
Kf8 22.Rxc7 fxg5 23.e7+ Ke8 24.Nd4 g4 25.hxg4 Rg5 26.Nf5 Rxf5 27.gxf5 Nf4 
28.Re4 Nd5 29.Rxb7 Ba6 30.Rb3 Nf6 31.Re1 Bc8 32.Rb4 Bxf5 33.Rxh4 Kd7 34.
Rd4+ Kc7 35.g4 Bd7 36.f3 Nd5 37.Kf2 Kd6 38.Kg3 Be6 39.f4 Bf7 40.f5 Re8 41.
g5 a6 42.g6 Bg8 43.Kg4 Rxe7 44.Rxe7 Kxe7 45.Kg5 Nc7 46.Re4+ Kd6 47.b3 c5 
48.Rh4 Ne8 49.Ra4 Nf6 50.Rxa6+ Ke5 51.Ra7 Ne4+ 52.Kg4 Nf6+ 53.Kh4 Kxf5 54.
Rxg7 c4 55.bxc4 Bxc4 56.a4 Bf1 57.a5 Bd3 58.Kh3 Kg5 59.Kg2 Kh6 60.Rc7 Kxg6
61.Kf2 Kf5 62.Ke3 Nd5+ 63.Kxd3 Nxc7 64.a6 Nxa6 1/2-1/2

[Event "Airthings Masters Prelim"]
[Site "chess24.com INT"]
[Date "2020.12.26"]
[Round "2.4"]
[White "So, W"]
[Black "Carlsen, M"]
[Result "1/2-1/2"]
[WhiteElo "2770"]
[BlackElo "2862"]
[EventDate "2020.12.26"]
[WhiteTitle "GM"]
[BlackTitle "GM"]
[WhiteFideId "5202213"]
[BlackFideId "1503014"]

1.d4 Nf6 2.c4 g6 3.Nc3 Bg7 4.e4 d6 5.Nf3 O-O 6.Be2 e5 7.dxe5 dxe5 8.Qxd8 
Rxd8 9.Bg5 Re8 10.Nd5 Nxd5 11.cxd5 c6 12.Bc4 cxd5 13.Bxd5 Nd7 14.Nd2 Nb6 
15.Bb3 Be6 16.Bxe6 Rxe6 17.Rc1 Rc8 18.Ke2 Rec6 19.Rxc6 Rxc6 20.b3 Bf8 21.
Be3 Bb4 22.a3 Bxa3 23.Ra1 Bc5 24.Rxa7 Bxe3 25.Kxe3 Rc7 26.Nc4 Nxc4+ 27.
bxc4 Rxc4 28.Rxb7 Rc3+ 29.Ke2 Rc2+ 30.Ke3 Rc3+ 31.Ke2 Rc2+ 32.Ke3 Rc3+ 
1/2-1/2

[Event "Airthings Masters Prelim"]
[Site "chess24.com INT"]
[Date "2020.12.28"]
[Round "9.2"]
[White "Grischuk, A"]
[Black "Carlsen, M"]
[Result "1/2-1/2"]
[WhiteElo "2777"]
[BlackElo "2862"]
[EventDate "2020.12.26"]
[WhiteTitle "GM"]
[BlackTitle "GM"]
[WhiteFideId "4126025"]
[BlackFideId "1503014"]

1.d4 Nf6 2.c4 e6 3.Nf3 d5 4.Nc3 Bb4 5.cxd5 exd5 6.Bg5 h6 7.Bh4 O-O 8.e3 
Bf5 9.Be2 Nbd7 10.Qb3 Bxc3+ 11.Qxc3 c6 12.Nd2 Ne4 13.Bxd8 Nxc3 14.bxc3 
Rfxd8 15.a4 Nf6 16.Nf1 Ne8 17.Ng3 Bh7 18.Kd2 Nd6 19.Ra2 a5 20.Rha1 Ra7 21.
f3 Rda8 22.Bd3 Bxd3 23.Kxd3 b5 24.axb5 cxb5 25.e4 Nc4 26.Rb1 dxe4+ 27.fxe4
Rb8 28.Nf1 f6 29.Nd2 Nd6 30.Rba1 a4 31.Rb1 Re8 32.Rb4 Rae7 33.c4 bxc4+ 34.
Nxc4 Nxc4 35.Kxc4 Rxe4 36.Rbxa4 Kf7 37.Rd2 Rc8+ 38.Kd3 Re7 39.Rc4 Ra8 40.
d5 Ra5 41.Rd4 Ra3+ 42.Kc2 Ree3 43.d6 Ke8 44.d7+ Kd8 45.Rg4 Ra2+ 46.Kd1 
Rxd2+ 47.Kxd2 Re7 48.h4 Kxd7 49.g3 Ke6 50.Ra4 Kf7 51.h5 Re5 52.g4 f5 53.
gxf5 Rxf5 54.Rh4 Re5 55.Rh1 Kf6 56.Kd3 Re7 57.Rg1 Ra7 58.Ke3 Ra4 59.Rf1+ 
Ke5 60.Rg1 Ra3+ 61.Kf2 Kf6 62.Kg2 Ra5 63.Rh1 Kg5 64.Kf3 Rf5+ 65.Ke3 Rf4 
66.Rg1+ Rg4 67.Rh1 Rh4 68.Rg1+ Kf6 69.Rf1+ Ke5 70.Rg1 Rh3+ 71.Ke2 Kf6 72.
Rf1+ Ke7 73.Rg1 Kf7 74.Rf1+ Kg8 75.Rf5 Rg3 76.Rf1 Rg5 77.Rh1 Kf7 78.Ke3 
Kf6 79.Kf4 Ra5 80.Kf3 Ra4 81.Ke3 Kg5 82.Rg1+ Rg4 83.Rh1 Rg3+ 84.Ke2 Kg4 
85.Kf2 Rf3+ 86.Ke2 Rf7 87.Ke3 Ra7 88.Kf2 Re7 89.Rh2 Rf7+ 90.Ke2 Kg3 91.Rh1
Re7+ 92.Kd3 Kg2 93.Rh4 Kf3 94.Rh3+ Kg2 95.Rh4 Ra7 96.Ke2 Ra2+ 97.Ke3 Ra3+ 
98.Ke2 Rg3 99.Kd2 Kf3 100.Rh1 Rg5 101.Rh3+ Kg4 102.Rh1 Rxh5 103.Rg1+ Kf3 
104.Rxg7 Re5 105.Rf7+ Kg2 106.Rg7+ Rg5 107.Rh7 h5 108.Ke3 Kg3 109.Ke2 h4 
110.Kf1 h3 111.Kg1 Rg4 112.Kh1 h2 113.Rxh2 Rh4 114.Rxh4 Kxh4 1/2-1/2

[Event "Airthings Masters Prelim"]
[Site "chess24.com INT"]
[Date "2020.12.27"]
[Round "6.6"]
[White "Anton Guijarro, D"]
[Black "Carlsen, M"]
[Result "1/2-1/2"]
[WhiteElo "2675"]
[BlackElo "2862"]
[EventDate "2020.12.26"]
[WhiteTitle "GM"]
[BlackTitle "GM"]
[WhiteFideId "2285525"]
[BlackFideId "1503014"]

1.d4 Nf6 2.c4 e6 3.Nc3 Bb4 4.e3 O-O 5.Bd2 d5 6.Nf3 b6 7.cxd5 exd5 8.Bd3 
Ba6 9.Bxa6 Nxa6 10.O-O Re8 11.Rc1 Bf8 12.Ne2 Qc8 13.Qc2 c5 14.dxc5 bxc5 
15.Bc3 Ne4 16.Rfd1 Qb7 17.Nf4 Rad8 18.Qa4 Nxc3 19.bxc3 Nc7 20.Rb1 Qa8 21.
c4 d4 22.exd4 cxd4 23.h3 Ne6 24.Nxe6 Rxe6 25.Qc2 Rg6 26.Qf5 h6 27.Rb5 Rf6 
28.Qd3 Ra6 29.Rd2 Ra3 30.Qf5 Qc8 31.Qxc8 Rxc8 32.Nxd4 Rxc4 33.Rb8 Rac3 34.
Nb5 Rc1+ 35.Kh2 Rc8 36.Rxc8 Rxc8 37.Nxa7 Rc5 38.g4 h5 39.Kg2 hxg4 40.hxg4 
g6 41.Rb2 Rc4 42.f3 Ba3 43.Re2 Rc5 44.Kg3 Kg7 45.Kf4 Kf6 46.Ke4 Kg5 47.Rg2
Rc4+ 48.Kd5 Rc5+ 49.Ke4 Rc4+ 50.Kd5 Rc5+ 51.Ke4 1/2-1/2

[Event "Airthings Masters Prelim"]
[Site "chess24.com INT"]
[Date "2020.12.27"]
[Round "8.2"]
[White "Radjabov, T"]
[Black "Aronian, L"]
[Result "1/2-1/2"]
[WhiteElo "2765"]
[BlackElo "2781"]
[EventDate "2020.12.26"]
[WhiteTitle "GM"]
[BlackTitle "GM"]
[WhiteFideId "13400924"]
[BlackFideId "13300474"]

1.d4 Nf6 2.c4 e6 3.Nf3 d5 4.Nc3 Bb4 5.Bg5 dxc4 6.e4 c5 7.Bxc4 cxd4 8.Nxd4 
Bxc3+ 9.bxc3 Qa5 10.Bb5+ Nbd7 11.Bxf6 Qxc3+ 12.Kf1 gxf6 13.h4 Qb4 14.Rh3 
a6 15.Be2 Ne5 16.Rb1 Qd6 17.Qd2 Bd7 18.Rxb7 Rd8 19.Qb4 Qxb4 20.Rxb4 a5 21.
Rb7 O-O 22.Ra7 Ba4 23.Nb3 Rc8 24.f4 Ng6 25.f5 exf5 26.exf5 Nf4 27.Rg3+ Kh8
28.Rxa5 Nxe2 29.Kxe2 Rc2+ 30.Kf1 Rc4 31.h5 h6 32.Kg1 Rd8 33.Ra7 Rd1+ 34.
Kh2 Rh4+ 35.Rh3 Rxh3+ 36.Kxh3 Bxb3 37.axb3 Rd3+ 38.Kg4 Rxb3 39.Rxf7 Rb6 
40.Rc7 Kg8 41.Rc8+ Kg7 42.Rc7+ Kg8 43.Rc8+ Kg7 44.Rc7+ Kg8 1/2-1/2

[Event "Airthings Masters Prelim"]
[Site "chess24.com INT"]
[Date "2020.12.28"]
[Round "10.2"]
[White "Harikrishna, P"]
[Black "So, W"]
[Result "1/2-1/2"]
[WhiteElo "2732"]
[BlackElo "2770"]
[EventDate "2020.12.26"]
[WhiteTitle "GM"]
[BlackTitle "GM"]
[WhiteFideId "5007003"]
[BlackFideId "5202213"]

1.d4 Nf6 2.c4 e6 3.Nf3 d5 4.Nc3 c5 5.cxd5 cxd4 6.Qxd4 exd5 7.Bg5 Be7 8.e3 
O-O 9.Be2 Nc6 10.Qd3 h6 11.Bxf6 Bxf6 12.Rd1 Ne7 13.e4 Bxc3+ 14.Qxc3 Be6 
15.O-O Qb6 16.e5 Rac8 17.Qd2 Nc6 18.h3 d4 19.Bd3 Bd5 20.Rfe1 Rfe8 21.Be4 
Rcd8 22.b3 a5 23.Qf4 Bxe4 24.Rxe4 Qc5 25.Rde1 Re6 26.h4 d3 27.Rd1 Rd5 28.
Qe3 Nxe5 29.Nxe5 Qxe3 30.Rxe3 Rdxe5 31.Rxe5 Rxe5 32.Rxd3 Re1+ 33.Kh2 Re2 
34.Rd8+ Kh7 35.Rd7 Rxf2 36.Rxb7 Rxa2 37.Rxf7 Rb2 38.Ra7 Rxb3 39.Rxa5 Rb4 
40.g3 Rb2+ 41.Kh3 Rb3 42.Kh2 Rb2+ 43.Kh3 Rb3 44.Kh2 Rb2+ 1/2-1/2

[Event "Airthings Masters Prelim"]
[Site "chess24.com INT"]
[Date "2020.12.26"]
[Round "2.3"]
[White "Aronian, L"]
[Black "Giri, A"]
[Result "1-0"]
[WhiteElo "2781"]
[BlackElo "2764"]
[EventDate "2020.12.26"]
[WhiteTitle "GM"]
[BlackTitle "GM"]
[WhiteFideId "13300474"]
[BlackFideId "24116068"]

1.e4 c5 2.Nf3 d6 3.d4 cxd4 4.Nxd4 Nf6 5.Nc3 a6 6.Bc4 e6 7.Be3 b5 8.Bb3 Be7
9.a3 O-O 10.Qe2 Bb7 11.f3 Nc6 12.O-O-O Na5 13.h4 Rc8 14.Kb1 Rxc3 15.bxc3 
Qc7 16.g4 Nd7 17.g5 Ne5 18.h5 Nec4 19.Bc1 d5 20.g6 Nxa3+ 21.Bxa3 Bxa3 22.
gxf7+ Rxf7 23.Rd3 Nxb3 24.cxb3 dxe4 25.fxe4 Qe5 26.b4 Bxe4 27.Nc2 Rf5 28.
Re1 Bxd3 29.Qxe5 Rxe5 30.Rxe5 Kf7 31.Rc5 g5 32.Rxg5 Kf6 33.Rg8 Be4 34.h6 
e5 35.Rb8 Kf5 36.Rb6 a5 37.bxa5 Bc5 38.Rxb5 Bg1 39.Kb2 Bd3 40.Rb7 1-0

[Event "Airthings Masters Prelim"]
[Site "chess24.com INT"]
[Date "2020.12.26"]
[Round "2.5"]
[White "Radjabov, T"]
[Black "Anton Guijarro, D"]
[Result "1-0"]
[WhiteElo "2765"]
[BlackElo "2675"]
[EventDate "2020.12.26"]
[WhiteTitle "GM"]
[BlackTitle "GM"]
[WhiteFideId "13400924"]
[BlackFideId "2285525"]

1.d4 Nf6 2.c4 e6 3.Nc3 Bb4 4.Nf3 d5 5.cxd5 exd5 6.Bg5 h6 7.Bxf6 Qxf6 8.e3 
O-O 9.Qb3 Qb6 10.Bd3 c6 11.O-O Nd7 12.Qc2 Qd8 13.a3 Bd6 14.Rfe1 Nf6 15.Ne5
Bxe5 16.dxe5 Ng4 17.f4 d4 18.Rad1 Nxh2 19.Kxh2 Qh4+ 20.Kg1 dxc3 21.bxc3 
Bg4 22.Rb1 Rad8 23.Be4 Rd7 24.Qf2 Qxf2+ 25.Kxf2 Rfd8 26.Kg3 Be6 27.a4 b6 
28.a5 b5 29.Bxc6 Rc7 30.Bxb5 Rxc3 31.Bf1 g5 32.Rb7 gxf4+ 33.Kxf4 a6 34.Ra1
Rd2 35.Rb6 Rf2+ 36.Kg3 Rfc2 37.Rxa6 Rxe3+ 38.Kh2 Rxe5 39.Rb6 Bd5 40.a6 
Rh5+ 41.Kg3 Bxg2 42.Bxg2 Rg5+ 43.Kf3 Rcxg2 44.a7 R2g3+ 45.Ke2 Rg2+ 46.Kd3 
R2g3+ 47.Kc4 R5g4+ 48.Kb5 Rb3+ 49.Ka6 Rxb6+ 50.Kxb6 Rb4+ 51.Kc5 1-0

[Event "Airthings Masters Prelim"]
[Site "chess24.com INT"]
[Date "2020.12.27"]
[Round "5.3"]
[White "Giri, A"]
[Black "Harikrishna, P"]
[Result "1-0"]
[WhiteElo "2764"]
[BlackElo "2732"]
[EventDate "2020.12.26"]
[WhiteTitle "GM"]
[BlackTitle "GM"]
[WhiteFideId "24116068"]
[BlackFideId "5007003"]

1.d4 d5 2.c4 c6 3.Nc3 Nf6 4.e3 e6 5.Nf3 Nbd7 6.Bd3 dxc4 7.Bxc4 b5 8.Bd3 
Bd6 9.Qc2 Bb7 10.e4 e5 11.Bg5 Qc7 12.O-O-O a6 13.Kb1 O-O-O 14.Rhf1 h6 15.
Bh4 g5 16.Bg3 c5 17.dxe5 Nxe5 18.Bxb5 axb5 19.Rxd6 Qxd6 20.Bxe5 Qe6 21.Ka1
Qc4 22.Rc1 Bxe4 23.b3 Qb4 24.Qb2 Bxf3 25.Bxf6 Bxg2 26.Bxh8 Kb7 27.Be5 Bf3 
28.Qc2 Rd7 29.Qf5 Bc6 30.Nb1 Qe4 31.Qxe4 Bxe4 32.Nc3 Bd3 33.Bg7 h5 34.Bf6 
g4 35.Re1 Kc6 36.Re7 Rxe7 37.Bxe7 f5 38.Kb2 f4 39.a3 Bf5 40.Ne2 1-0

[Event "Airthings Masters Prelim"]
[Site "chess24.com INT"]
[Date "2020.12.28"]
[Round "10.6"]
[White "Giri, A"]
[Black "Grischuk, A"]
[Result "1/2-1/2"]
[WhiteElo "2764"]
[BlackElo "2777"]
[EventDate "2020.12.26"]
[WhiteTitle "GM"]
[BlackTitle "GM"]
[WhiteFideId "24116068"]
[BlackFideId "4126025"]

1.e4 e5 2.Nf3 Nc6 3.Bc4 Bc5 4.c3 Nf6 5.d3 d6 6.O-O a6 7.Bb3 Ba7 8.Re1 O-O 
9.h3 h6 10.Nbd2 Re8 11.Nf1 Be6 12.Bc2 d5 13.Qe2 d4 14.Bd2 b5 15.Ng3 a5 16.
Bb3 a4 17.Bxe6 Rxe6 18.Red1 a3 19.bxa3 Bb6 20.Nf5 Rxa3 21.cxd4 Nxd4 22.
N3xd4 Bxd4 23.Nxd4 Qxd4 24.Be3 Qd7 25.Rac1 c6 26.Rc2 Qb7 27.Bc5 Ra4 28.a3 
Nd7 29.Bb4 Qb6 30.Rdc1 Ra8 31.Rc3 Rc8 32.Qe3 Qd4 33.Kf1 Rg6 34.R3c2 Kh7 
35.g4 Qxe3 36.fxe3 Re6 37.Kg2 Kg8 38.Kf3 Rf6+ 39.Ke2 Re6 40.Rc3 Kh7 41.Kf3
Rf6+ 42.Kg2 Re6 43.R3c2 Kg8 44.Kf2 Rf6+ 45.Ke2 Re6 46.Rc3 Kh7 47.R1c2 Kg8 
48.Kf2 Rf6+ 49.Kg2 Re6 50.Rc1 Kh7 51.R3c2 1/2-1/2

[Event "Airthings Masters Prelim"]
[Site "chess24.com INT"]
[Date "2020.12.26"]
[Round "3.4"]
[White "Giri, A"]
[Black "So, W"]
[Result "0-1"]
[WhiteElo "2764"]
[BlackElo "2770"]
[EventDate "2020.12.26"]
[WhiteTitle "GM"]
[BlackTitle "GM"]
[WhiteFideId "24116068"]
[BlackFideId "5202213"]

1.Nf3 d5 2.g3 Nf6 3.Bg2 e6 4.O-O Be7 5.c4 O-O 6.b3 c5 7.cxd5 Nxd5 8.Nc3 
Nc6 9.Bb2 Nxc3 10.Bxc3 Qc7 11.Qb1 e5 12.e3 f5 13.Rc1 Be6 14.Qb2 Bf6 15.Ne1
Rad8 16.d3 Bd5 17.b4 Bxg2 18.Kxg2 cxb4 19.Bxb4 Rf7 20.Bc3 f4 21.exf4 exf4 
22.Rab1 Bxc3 23.Qxc3 Qd7 24.Qc5 Nd4 25.Rc4 f3+ 0-1

[Event "Airthings Masters Prelim"]
[Site "chess24.com INT"]
[Date "2020.12.28"]
[Round "9.5"]
[White "Aronian, L"]
[Black "Harikrishna, P"]
[Result "1/2-1/2"]
[WhiteElo "2781"]
[BlackElo "2732"]
[EventDate "2020.12.26"]
[WhiteTitle "GM"]
[BlackTitle "GM"]
[WhiteFideId "13300474"]
[BlackFideId "5007003"]

1.d4 d5 2.c4 dxc4 3.e3 Nf6 4.Bxc4 e6 5.Nf3 a6 6.O-O b5 7.Be2 Bb7 8.a4 b4 
9.b3 Nbd7 10.Bb2 Be7 11.Nbd2 O-O 12.Rc1 c5 13.dxc5 Bxc5 14.Ne5 Rc8 15.Nxd7
Qxd7 16.Bxf6 gxf6 17.Nc4 Qxd1 18.Rfxd1 Bd5 19.Bf3 Bxc4 20.Rxc4 Be7 21.Be2 
Rxc4 22.Bxc4 Ra8 23.g4 Ra7 24.f4 a5 25.Kf2 Rc7 26.f5 exf5 27.gxf5 Kf8 28.
Kf3 Kg7 29.e4 Kf8 30.Rd5 Ra7 31.Kg4 Kg7 32.Kh5 Bf8 33.Kg4 Be7 34.Kf3 Kf8 
35.Ke2 Kg7 36.Kd3 Kh6 37.Ke3 Kg5 38.Kf3 Kh6 39.Ke3 Kg5 40.Rd2 Kh6 41.Rg2 
Rd7 42.Kf3 Bc5 43.Bd5 Bb6 44.Rg8 Rd8 45.Rxd8 Bxd8 46.Bxf7 Kg5 47.Bg8 h5 
48.Bf7 Bc7 49.h3 h4 50.Ke3 Bb6+ 51.Kd3 Kf4 52.Bh5 Ke5 53.Bf3 Kf4 54.Bh5 
Ke5 55.Bf3 Kf4 56.Bg2 Kg3 57.Bf1 Kf4 58.Be2 Ke5 59.Bh5 Bc7 60.Ke3 Bb6+ 61.
Kf3 Bd4 62.Bf7 Bc3 63.Bd5 Kd6 64.Kg4 Be1 65.Kh5 Bg3 66.Kg6 Ke7 67.Be6 Be5 
68.Kh5 Bg3 69.e5 fxe5 70.Kg5 e4 71.Bc4 e3 72.f6+ Kf8 73.Kf5 Bc7 74.Ke6 Bd8
75.f7 Bb6 76.Be2 Bd8 77.Kd7 Bg5 78.Ke6 Bd8 79.Bh5 Bg5 80.Kd7 e2 81.Bxe2 
Kxf7 82.Bc4+ Kf8 1/2-1/2

[Event "Airthings Masters KO 2020"]
[Site "chess24.com INT"]
[Date "2020.12.31"]
[Round "2.11"]
[White "Vachier Lagrave, M"]
[Black "Aronian, L"]
[Result "0-1"]
[WhiteElo "2784"]
[BlackElo "2781"]
[EventDate "2020.12.29"]
[WhiteTitle "GM"]
[BlackTitle "GM"]
[WhiteFideId "623539"]
[BlackFideId "13300474"]

1.e4 e5 2.Nf3 Nc6 3.Bb5 Nf6 4.O-O Nxe4 5.d4 Nd6 6.Bxc6 dxc6 7.dxe5 Nf5 8.
Qxd8+ Kxd8 9.h3 Ne7 10.Nc3 Bd7 11.b3 Ke8 12.Re1 Nd5 13.Ne4 Bb4 14.Bd2 Bxd2
15.Nfxd2 Nb4 16.Rec1 Rd8 17.a3 Nd5 18.Re1 Ke7 19.Kh2 h5 20.Nf3 Nf4 21.Rad1
Bc8 22.Nd4 h4 23.Ng5 c5 24.Nb5 Rxd1 25.Rxd1 Rh5 26.Nf3 Bd7 27.Nxa7 c6 28.
b4 cxb4 29.axb4 Ng6 30.Re1 Kd8 31.b5 Kc7 32.bxc6 bxc6 33.c4 Kb7 34.Rd1 Bf5
35.Nxc6 Kxc6 36.Rd5 Be6 37.Rb5 Kc7 38.Rc5+ Kd7 39.Ra5 Rf5 40.Ra7+ Kc8 41.
Ra8+ Kc7 42.Rg8 Nxe5 43.Nxh4 Rxf2 44.Rxg7 Kd6 45.Rg5 Nxc4 46.Nf3 Bd5 47.
Kg1 Rb2 48.Rg3 Rb1+ 49.Kf2 Rb2+ 50.Kg1 Nd2 51.Nxd2 Rxd2 52.Rg4 f5 53.Rg6+ 
Ke5 54.Kh2 Be4 55.Kg1 Kf4 56.Rg8 Ke3 57.Rg3+ Ke2 58.Rg7 Rd1+ 59.Kh2 Kf2 
60.Ra7 Rd2 61.Ra5 Kf1 62.Ra1+ Kf2 63.Ra5 f4 64.Ra4 Ke3 65.Ra3+ Kd4 66.Ra4+
Ke5 67.Ra5+ Bd5 0-1

[Event "Airthings Masters KO 2020"]
[Site "chess24.com INT"]
[Date "2020.12.31"]
[Round "2.13"]
[White "Radjabov, T"]
[Black "Dubov, Daniil"]
[Result "1-0"]
[WhiteElo "2765"]
[BlackElo "2702"]
[EventDate "2020.12.29"]
[WhiteTitle "GM"]
[BlackTitle "GM"]
[WhiteFideId "13400924"]
[BlackFideId "24126055"]

1.Nf3 d5 2.d4 Nf6 3.c4 e6 4.Nc3 c6 5.cxd5 exd5 6.Qc2 Na6 7.a3 Nc7 8.Bg5 
Ne6 9.Bh4 Be7 10.e3 g6 11.Bd3 Ng7 12.O-O Bf5 13.b4 a6 14.a4 Bxd3 15.Qxd3 
Nf5 16.Bxf6 Bxf6 17.b5 axb5 18.axb5 O-O 19.Rfc1 Nd6 20.g3 Re8 21.bxc6 bxc6
22.Ra6 Qd7 23.Nd2 Rec8 24.Na4 Rxa6 25.Qxa6 Qe8 26.Nb6 Rd8 27.Na4 Rc8 28.
Nc5 Ra8 29.Qb6 Bd8 30.Qb1 h5 31.Nd3 Bf6 32.Qc2 Rc8 33.h4 Kg7 34.Kg2 Ne4 
35.Nf3 Qe6 36.Qa4 Be7 37.Nf4 Qd6 38.Qa6 Rc7 39.Ne5 c5 40.Qxd6 Bxd6 41.Nxd5
Ra7 42.Nc4 cxd4 43.exd4 Ra2 44.Nc3 Nxc3 45.Rxc3 Be7 46.Rd3 Ra4 47.Nb6 Ra2 
48.Nd5 Bd6 49.Ne3 Ra4 50.Kf3 Kf6 51.Nd5+ Kf5 52.Nc3 Ra3 53.Re3 Ra1 54.Nb5 
Ra6 55.Re8 Rb6 56.Nc3 Rb3 57.Re3 Rb4 58.Rd3 Ke6 59.Ne4 Kd5 60.Ke3 Bf8 61.
Ra3 Bg7 62.Ra5+ Kc6 63.Rc5+ Kb6 64.Rd5 Kc6 65.Rd6+ Kc7 66.Rd5 Kc6 67.Rc5+ 
Kb6 68.Rc2 Bxd4+ 69.Kf3 Rb3+ 70.Kg2 f6 71.Rd2 Be5 72.Nxf6 Kc6 73.Ne4 Rb4 
74.Ng5 Bf6 75.Ne6 Rb8 76.Nf4 Rg8 77.Re2 Kd7 78.Re6 Rf8 79.Ra6 g5 80.Ng6 
Rf7 81.hxg5 Bd4 82.f4 1-0

[Event "Airthings Masters KO 2020"]
[Site "chess24.com INT"]
[Date "2020.12.30"]
[Round "1.32"]
[White "Nepomniachtchi, I"]
[Black "Radjabov, T"]
[Result "0-1"]
[WhiteElo "2784"]
[BlackElo "2765"]
[EventDate "2020.12.29"]
[WhiteTitle "GM"]
[BlackTitle "GM"]
[WhiteFideId "4168119"]
[BlackFideId "13400924"]

1.e4 b6 2.d4 Bb7 3.Nc3 e6 4.Nf3 d6 5.a4 a6 6.Bd3 Nd7 7.O-O h6 8.Re1 Ngf6 
9.h3 Be7 10.Bf4 g5 11.Bh2 g4 12.hxg4 Nxg4 13.d5 Rg8 14.dxe6 fxe6 15.Bc4 
Rg6 16.Ne2 Nxh2 17.Nxh2 Bg5 18.Nd4 Nf8 19.Qh5 Qf6 20.e5 Qf7 21.exd6 Be3 
22.d7+ Nxd7 23.Ng4 Bxf2+ 24.Kh1 Bxe1 25.Rxe1 O-O-O 26.Bxe6 Rxe6 27.Qxf7 
Rxe1+ 28.Kh2 Re4 29.Qg7 h5 30.Nh6 Kb8 31.c3 Ne5 32.a5 bxa5 33.Ne6 Nf3+ 34.
gxf3 Rxe6 35.Nf5 Re2+ 36.Kg3 Rxb2 37.Nd4 h4+ 38.Kxh4 Rb6 39.Kg3 a4 40.Qe7 
Rdd6 41.Nf5 Rd3 42.Qf8+ Ka7 43.Qc5 Rd5 44.Qf8 a3 45.Ne7 Rg5+ 46.Kf4 Ra5 
47.Nc8+ Bxc8 48.Qxc8 Rc6 49.Qe8 Rc4+ 50.Kg3 a2 51.Qe3+ Rcc5 0-1